World Capitals by Last Letter Quiz Stats

 Plays Quiz Updated May 2, 2015

Challenge
Share
Tweet
Embed
Score 0/20 Timer 04:00
14 Plays Today
Last Letter Example Capital % Correct
NAmman, AsunciĆ³n...
97.9%
ATirana, Andorra la Vella...
96.6%
SAlgiers, Athens...
94.9%
OAntananarivo, Bamako...
93.9%
EBasseterre, Belgrade...
88.3%
WMoscow, Warsaw...
86.8%
IAbu Dhabi, Bangui...
84.9%
DBaghdad, Islamabad...
82.3%
YConakry, Guatemala City...
82%
MAmsterdam, Jerusalem...
77.9%
Last Letter Example Capital % Correct
GBeijing, Luxembourg ...
74.3%
KBangkok, Bishkek...
73.4%
TAshgabat, Beirut...
70%
ZLa Paz, Vaduz
60.6%
VKyiv
60.1%
UBaku, Bissau...
56.1%
LKabul, Seoul...
54.6%
BZagreb
52.3%
RDakar, Kuala Lumpur...
50.5%
HPhnom Penh, Riyadh...
36.4%

You're not logged in!

Compare scores with friends on all Sporcle quizzes.
OR
Log In

You Might Also Like...

Show Comments

Extras

Top Quizzes Today


Score Distribution

Your Account Isn't Verified!

In order to create a playlist on Sporcle, you need to verify the email address you used during registration. Go to your Sporcle Settings to finish the process.

Report this User

Report this user for behavior that violates our Community Guidelines.

Details: